000 00223nam a2200097Ia 4500
005 20251222114341.0
008 251222s1900||||xx |||||||||||||| ||spa||
082 _aDVD0110/B45/2000
245 0 _aCamino hacia dorado:
942 _cDVD
999 _c876
_d876